000
00316nam a2200121Ia 4500
008
190722s9999 xx 000 0 und d
020
_a
978-1-292-00297-2
100
_a
Todaro, Smith
245
0
_a
Economic Development
260
_a
U. K. (United Kingdom)
_b
Pearson education Limited
_c
2015
300
_a
860
942
_c
BK
999
_c
565
_d
565